Govt. of
Madhya Pradesh

George Fernandes Speaks (Record no. 855)

MARC details
000 -LEADER
fixed length control field 004520000a22001810004500
001 - CONTROL NUMBER
control field 000857
003 - CONTROL NUMBER IDENTIFIER
control field MACL
005 - DATE AND TIME OF LATEST TRANSACTION
control field 20150712143042.0
008 - FIXED-LENGTH DATA ELEMENTS--GENERAL INFORMATION
fixed length control field 150712b xxu||||| |||| 00| 0 eng d
040 ## - CATALOGING SOURCE
Original cataloging agency MACL
Transcribing agency MACL
041 ## - LANGUAGE CODE
Language code of text/sound track or separate title English
082 ## - DEWEY DECIMAL CLASSIFICATION NUMBER
Classification number 320/MAT
100 ## - MAIN ENTRY--PERSONAL NAME
Personal name Mathew, George
9 (RLIN) 1909
245 ## - TITLE STATEMENT
Title George Fernandes Speaks
Statement of responsibility, etc. George Mathew
260 ## - PUBLICATION, DISTRIBUTION, ETC. (IMPRINT)
Place of publication, distribution, etc. Delhi
Date of publication, distribution, etc. 1991
Name of publisher, distributor, etc. Ajanta Publishers,
650 ## - SUBJECT ADDED ENTRY--TOPICAL TERM
Topical term or geographic name as entry element Political Science
9 (RLIN) 88
942 ## - ADDED ENTRY ELEMENTS (KOHA)
Call number prefix 320
Koha item type Books
Source of classification or shelving scheme
Holdings
Withdrawn status Lost status Source of classification or shelving scheme Damaged status Not for loan Home library Current library Date acquired Total Checkouts Full call number Barcode Date last seen Uniform Resource Identifier Price effective from Koha item type
          MACL MACL 15/04/2015   320/MAT CRE012754 02/05/2024 856 15/04/2015 Books